000 00988cam a22002055a 4500
001 L158825
008 150731s2015 xxk f 000 0 eng d
035 _a(Sirsi) u158825
041 0 _aeng
110 2 _aUnited Kingdom
_bDepartment of Energy and Climate Change
_95850
245 0 0 _aEnergy Trends and Prices statistical release
_b30 July 2015
260 _aLondon
_DECC
_c2015
490 0 _aDECC Press Notice
_v30 July 2015
520 _aLatest provisional monthly energy statistics. These highlight the 3 month period March to May 2015 compared with a year earlier and include the fact that primary energy consumption in the UK rose by 2.4%; indigenous energy production rose by 6.2% and production growth was at its highest rate since 1999.
590 _aKA
651 4 _aUnited Kingdom
690 _aEnergy
_96237
856 4 0 _uhttps://www.gov.uk/government/news/energy-trends-and-prices-statistical-release-30-july-2015
_zView the item free of charge at www.gov.uk
942 _n0
999 _c115525
_d115525